000 00578nam a2200217Ia 4500
005 20241129111426.0
008 241129s9999||||xx |||||||||||||| ||und||
020 _a978-81-944568-9-6
037 _aTB
040 _aCRL
_beng
_cCRL
041 _aurd
_2urd
084 _aO168,6N24x R1
_qCRL
100 _aMasood Mukhtar Au.
245 0 _aSafar naseeb
_cMasood Mukhtar Au.
260 _aLucknow, India
_bMatterlink
_c2021
300 _a311p.
365 _aINR
_b500
650 _aUrdu Prose
_926866
942 _cTB
_hO168,6N24x R1
999 _c1230415
_d1230415